Развитие неблагоприятных геологических процессов на территории города Томск; Проблемы геологии и освоения недр; Т. 1

Dades bibliogràfiques
Parent link:Проблемы геологии и освоения недр: труды XX Международного симпозиума имени академика М. А. Усова студентов и молодых ученых, посвященного 120-летию со дня основания Томского политехнического университета, Томск, 4-8 апреля 2016 г./ Национальный исследовательский Томский политехнический университет (ТПУ), Институт природных ресурсов (ИПР) ; Общество инженеров-нефтяников, международная некоммерческая организация, Студенческий чаптер ; под ред. А. Ю. Дмитриева.— , 2016
Т. 1.— 2016.— [С. 514-515]
Autor principal: Алимова И. Н.
Autor corporatiu: Национальный исследовательский Томский политехнический университет (ТПУ) Институт природных ресурсов (ИПР) Кафедра гидрогеологии, инженерной геологии и гидрогеоэкологии (ГИГЭ)
Altres autors: Малыгина В. В. (научный руководитель), Попов В. К. Виктор Константинович
Sumari:Заглавие с экрана
Idioma:rus
Publicat: 2016
Col·lecció:Гидрогеология и инженерная геология. Геоинформационные системы в гидрогеологических исследованиях
Matèries:
Accés en línia:http://earchive.tpu.ru/handle/11683/32332
Format: MixedMaterials Electrònic Capítol de llibre
KOHA link:https://koha.lib.tpu.ru/cgi-bin/koha/opac-detail.pl?biblionumber=619522

MARC

LEADER 00000naa2a2200000 4500
001 619522
005 20231101133050.0
035 |a (RuTPU)RU\TPU\conf\17958 
035 |a RU\TPU\conf\17955 
090 |a 619522 
100 |a 20160823d2016 k y0rusy50 ca 
101 0 |a rus 
102 |a RU 
105 |a y z 100zy 
135 |a drgn ---uucaa 
181 0 |a i  
182 0 |a b 
200 1 |a Развитие неблагоприятных геологических процессов на территории города Томск  |f И. Н. Алимова, В. В. Малыгина  |g науч. рук. В. К. Попов 
203 |a Текст  |c электронный 
225 1 |a Гидрогеология и инженерная геология. Геоинформационные системы в гидрогеологических исследованиях 
230 |a 1 компьютерный файл (pdf; 146 Kb) 
300 |a Заглавие с экрана 
320 |a [Библиогр.: с. 515 (2 назв.)] 
461 1 |0 (RuTPU)RU\TPU\conf\17456  |t Проблемы геологии и освоения недр  |o труды XX Международного симпозиума имени академика М. А. Усова студентов и молодых ученых, посвященного 120-летию со дня основания Томского политехнического университета, Томск, 4-8 апреля 2016 г.  |o в 2 т.  |f Национальный исследовательский Томский политехнический университет (ТПУ), Институт природных ресурсов (ИПР) ; Общество инженеров-нефтяников, международная некоммерческая организация, Студенческий чаптер ; под ред. А. Ю. Дмитриева  |d 2016 
463 1 |0 (RuTPU)RU\TPU\conf\17457  |t Т. 1  |v [С. 514-515]  |d 2016 
610 1 |a труды учёных ТПУ 
610 1 |a электронный ресурс 
610 1 |a неблагоприятные процессы 
610 1 |a геологические процессы 
610 1 |a Томск 
610 1 |a техногенные процессы 
610 1 |a инженерно-геологические условия 
700 1 |a Алимова  |b И. Н. 
701 1 |a Малыгина  |b В. В. 
702 1 |a Попов  |b В. К.  |c геолог  |c профессор Томского политехнического университета, доктор геолого-минералогических наук  |f 1945-   |g Виктор Константинович  |2 stltpush  |4 727 
712 0 2 |a Национальный исследовательский Томский политехнический университет (ТПУ)  |b Институт природных ресурсов (ИПР)  |b Кафедра гидрогеологии, инженерной геологии и гидрогеоэкологии (ГИГЭ)  |h 100  |2 stltpush  |3 (RuTPU)RU\TPU\col\18664 
801 2 |a RU  |b 63413507  |c 20160930  |g RCR 
856 4 |u http://earchive.tpu.ru/handle/11683/32332 
942 |c BK